| 000 | 00790cam a2200265 a 4500 | ||
|---|---|---|---|
| 999 |
_c9576 _d9576 |
||
| 001 | 9576 | ||
| 003 | BD-JhCC | ||
| 005 | 20180319202156.0 | ||
| 008 | 180319s1998 ii d 000 0 eng | ||
| 020 | _a1888777265 (hardcover ed.) | ||
| 035 | _a(BD-JhCC)9576 | ||
| 040 |
_aDLC _cDLC _dDLC _dBD-JhCC |
||
| 041 | _aeng | ||
| 050 | 0 | 0 |
_aPE1591 _b.N427 1998 |
| 082 | 0 | 0 |
_a423/.1 _221 _bTHE 1998 |
| 245 | 0 | 4 | _aThe new international Webster's pocket thesaurus of the English language. |
| 246 | 3 | 0 | _aWebster's pocket thesaurus |
| 250 | _aNew rev. ed. | ||
| 260 |
_a[Naples, Fla.] : _bTrident Press International, _c1998. |
||
| 300 |
_a318 p. ; _c17 cm. |
||
| 650 | 0 |
_aEnglish language _xSynonyms and antonyms. |
|
| 710 | 2 | _aTrident Press International. | |
| 942 |
_2ddc _cREF |
||